00273nam a22000977a 4500008004100000082001500041100001600056245005300072260004100125300000900166230704b xxu||||| |||| 00| 0 eng d a344.1bHUG cGreer Hogan aNutshellsbConstitutional and Administrative Law aGreat BritainbSweet & Maxwellc1987 a122p